[Event "Tournament 14459 - Europe Echecs"]
[Site "Europe Echecs"]
[Date "2020.07.07"]
[Round "8"]
[Time "17:52:32"]
[PlyCount "151"]
[White "SenegasAngelo"]
[Black "MindeTimothe"]
[WhiteElo "1200"]
[BlackElo "1075"]
[Mode "WEB"]
[Result "0-1"]

1. e4 e6 2. d4 d5 3. exd5 exd5 4. Nc3 Bb4 5. Bd2 Ne7 6. Nf3 O-O 7. Bd3 c6 8. O-O
Bf5 9. Bxf5 Nxf5 10. a3 Bd6 11. b3 Bc7 12. Re1 Qd6 13. Re5 Ne7 14. Bg5 Ng6 15.
Re1 f6 16. Be3 Nd7 17. Qd3 Nf4 18. Bxf4 Qxf4 19. g3 Qd6 20. Re2 Rfe8 21. b4 Re7
22. Rxe7 Qxe7 23. Re1 Qf7 24. b5 Re8 25. bxc6 bxc6 26. Qf5 Rxe1+ 27. Nxe1 Ba5
28. Qd3 Qg6 29. Qd2 Nb6 30. Qe3 Nc4 31. Qf3 Nxa3 32. Ng2 Qxc2 33. Nd1 Bb6 34.
Ne1 Qa2 35. Qe3 Kf7 36. Kg2 Nb5 37. Kh3 Bxd4 38. Qd3 g6 39. Kg2 Qc4 40. Kh3 Qxd3
41. Nxd3 c5 42. Kg2 c4 43. Nf4 Nc7 44. Kh3 Be5 45. Kg2 Bxf4 46. gxf4 a5 47. Nb2
g5 48. fxg5 fxg5 49. Kf3 Kf6 50. Ke3 Ke5 51. Kd2 Nb5 52. Nd1 d4 53. Nb2 c3+ 54.
Kd3 cxb2 55. Kc2 Ke4 56. Kxb2 Kf3 57. Kc2 Kxf2 58. Kd3 Kg2 59. Kc4 Kxh2 60. Kxb5
d3 61. Kxa5 d2 62. Kb5 d1=Q 63. Kc5 Qd3 64. Kb4 Qc2 65. Ka3 Qb1 66. Ka4 Qb2 67.
Ka5 Qb3 68. Ka6 Qb4 69. Ka7 Qb5 70. Ka8 Kg3 71. Ka7 Kf4 72. Ka8 Ke5 73. Ka7 Kd6
74. Ka8 Kc7 75. Ka7 Qb7# {SenegasAngelo est échec et mat} 0-1

[Event "Tournament 14459 - Europe Echecs"]
[Site "Europe Echecs"]
[Date "2020.07.07"]
[Round "8"]
[Time "17:52:32"]
[PlyCount "43"]
[White "SamorukovBoris"]
[Black "SauerMathis"]
[WhiteElo "1185"]
[BlackElo "1058"]
[Mode "WEB"]
[Result "0-1"]

1. e4 e5 2. Nf3 Nc6 3. Bc4 Be7 4. c3 d6 5. d4 Nf6 6. d5 Nb8 7. Bg5 O-O 8. Bxf6
Bxf6 9. O-O c6 10. dxc6 Nxc6 11. Qd5 Be6 12. Qd3 Qd7 13. Bxe6 fxe6 14. Nfd2 d5
15. exd5 exd5 16. Qh3 Qxh3 17. gxh3 Bh4 18. Nf3 Rxf3 19. Nd2 Rf7 20. c4 d4 21.
Nf3 Rxf3 {SamorukovBoris a abandonné} 0-1

[Event "Tournament 14459 - Europe Echecs"]
[Site "Europe Echecs"]
[Date "2020.07.07"]
[Round "8"]
[Time "17:52:32"]
[PlyCount "40"]
[White "LuuFreundEstel"]
[Black "DupratNathanie"]
[WhiteElo "1046"]
[BlackElo "1172"]
[Mode "WEB"]
[Result "1-0"]

1. e4 e5 2. Nf3 Bc5 3. Nc3 Nc6 4. Nxe5 Nxe5 5. d4 Bxd4 6. Qxd4 Nc6 7. Qxg7 Qf6
8. Bh6 Nxh6 9. Qxf6 d6 10. Qxh8+ Ke7 11. Qxh7 Ng4 12. Qh4+ f6 13. Be2 Nge5 14.
Qh7+ Ke6 15. Qh3+ Kf7 16. Bh5+ Ke7 17. Nd5+ Kd8 18. Qg3 Bd7 19. Qg8+ Be8 20.
Qxe8# {DupratNathanie est échec et mat} 1-0

[Event "Tournament 14459 - Europe Echecs"]
[Site "Europe Echecs"]
[Date "2020.07.07"]
[Round "8"]
[Time "17:52:33"]
[PlyCount "235"]
[White "GarcinEleonore"]
[Black "SpagnoloLouis"]
[WhiteElo "799"]
[BlackElo "1141"]
[Mode "WEB"]
[Result "0-1"]

1. e4 c5 2. Bc4 e6 3. Qf3 Nf6 4. Nh3 d5 5. exd5 exd5 6. Bb3 Be7 7. g4 Bxg4 8.
Qg3 Bd6 9. Qd3 Qe7+ 10. Qe3 Qxe3+ 11. fxe3 Bxh3 12. c4 dxc4 13. Bxc4 Ne4 14. Bd5
Nf6 15. Bxb7 Nbd7 16. Bxa8 O-O 17. Bf3 Re8 18. Nc3 h6 19. Nd5 Nxd5 20. Bxd5 Nf6
21. Bb3 Bg2 22. Rg1 Bf3 23. Rf1 Bh5 24. a4 Bxh2 25. Ra3 Bg3+ 26. Rf2 Ne4 27. Kf1
Nxf2 28. Kg2 Ne4 29. Bxf7+ Bxf7 30. Rd3 Bg6 31. Rd7 Ng5 32. Rxa7 Bd6 33. Rd7 Ne4
34. a5 Bf5 35. Rb7 Ng5 36. a6 Kh7 37. d4 cxd4 38. exd4 Re2+ 39. Kf1 Bd3 40. b4
Bxa6 41. Rb6 Bxb4 42. Rxa6 Rc2 43. Bxg5 hxg5 44. Ra4 Bd6 45. Ke1 Bf4 46. Kd1
Rd2+ 47. Ke1 g4 48. d5 g3 49. Rxf4 Rxd5 50. Rg4 Rd3 51. Ke2 Ra3 52. Rh4+ Kg6 53.
Rg4+ Kf7 54. Rf4+ Kg8 55. Rg4 g2 56. Rxg2 Ra2+ 57. Kf3 Ra3+ 58. Kg4 Ra4+ 59. Kh3
Ra3+ 60. Kh4 Kh7 61. Rh2 g6 62. Kg5+ Kg7 63. Rh6 Ra6 64. Rh2 Ra5+ 65. Kg4 Kf6
66. Rh6 Rg5+ 67. Kf4 Rf5+ 68. Kg4 Ra5 69. Kf4 Ra4+ 70. Kg3 Kg5 71. Rh2 Ra3+ 72.
Kf2 Kf4 73. Rh6 g5 74. Rf6+ Kg4 75. Rb6 Kh3 76. Rh6+ Kg4 77. Rh2 Kf4 78. Ke2 g4
79. Rf2+ Kg3 80. Rf1 Ra2+ 81. Ke3 Kh4 82. Rh1+ Kg3 83. Rg1+ Kh4 84. Kf4 Ra4+ 85.
Kf5 Kh3 86. Rh1+ Kg2 87. Rh4 Kg3 88. Rh1 Kf3 89. Rg1 Ra5+ 90. Ke6 g3 91. Rf1+
Kg2 92. Rc1 Kh2 93. Rc2+ g2 94. Kd6 Kh1 95. Rc1+ g1=Q 96. Rxg1+ Kxg1 97. Kc6 Kf2
98. Kb6 Rh5 99. Kc6 Kf3 100. Kd6 Kf4 101. Ke6 Rf5 102. Kd6 Re5 103. Kc6 Ke4 104.
Kd6 Kd4 105. Kd7 Kd5 106. Kc7 Re6 107. Kd7 Rf6 108. Ke7 Ke5 109. Kd7 Re6 110.
Kd8 Kd6 111. Kc8 Re7 112. Kd8 Rh7 113. Ke8 Rg7 114. Kf8 Ra7 115. Kg8 Ke6 116.
Kf8 Rb7 117. Ke8 Rb8# {GarcinEleonore est échec et mat} 0-1

[Event "Tournament 14459 - Europe Echecs"]
[Site "Europe Echecs"]
[Date "2020.07.07"]
[Round "8"]
[Time "17:52:33"]
[PlyCount "23"]
[White "CotterchioJade"]
[Black "TurcuDavid"]
[WhiteElo "1130"]
[BlackElo "1056"]
[Mode "WEB"]
[Result "0-1"]

1. e4 e5 2. Nf3 Nc6 3. Bc4 Bc5 4. d3 d6 5. Be3 Bb6 6. Ng5 Nh6 7. Nf3 Qf6 8. Bg5
Qg6 9. Bxh6 Qxh6 10. Nfd2 Qh4 11. Nf3 Qxf2# {CotterchioJade est échec et mat} 0-1

[Event "Tournament 14459 - Europe Echecs"]
[Site "Europe Echecs"]
[Date "2020.07.07"]
[Round "8"]
[Time "17:52:33"]
[PlyCount "111"]
[White "DinoniAttaliMy"]
[Black "LentieulElliot"]
[WhiteElo "1129"]
[BlackElo "1000"]
[Mode "WEB"]
[Result "0-1"]

1. d4 d5 2. c4 dxc4 3. e4 a5 4. Bxc4 Nc6 5. a4 Qxd4 6. Qxd4 Nxd4 7. Bd3 Nf6 8.
Ra3 e5 9. Be3 Bxa3 10. Nxa3 O-O 11. Bxd4 exd4 12. Nb5 c6 13. Nc7 Rb8 14. Nf3 Bg4
15. h3 Bxf3 16. gxf3 Rbc8 17. e5 Nd7 18. e6 Nf6 19. e7 Rfe8 20. Nxe8 Rxe8 21.
O-O Rxe7 22. Kg2 g6 23. Kg3 Nh5+ 24. Kg4 f5+ 25. Kg5 Kg7 26. f4 h6+ 27. Kh4 Nxf4
28. Bc4 Ng2+ 29. Kg3 Ne1 30. h4 Nc2 31. Kf4 Re4+ 32. Kf3 Ne1+ 33. Kg3 g5 34.
hxg5 hxg5 35. f3 f4+ 36. Kg4 Re3 37. Kxg5 Nxf3+ 38. Kxf4 Nh2 39. Rg1+ Kf8 40.
Rg8+ Ke7 41. Rg7+ Kd6 42. Rxb7 Rf3+ 43. Ke4 Kc5 44. b3 Re3+ 45. Kf4 Rc3 46. Ke5
d3 47. Rg7 d2 48. Rg1 Rc1 49. Rd1 Rxd1 50. Ke4 Re1+ 51. Kd3 d1=Q+ 52. Kc3 Re3+
53. Kb2 Qd2+ 54. Ka3 Re1 55. Bf1 Ra1# {DinoniAttaliMy est échec et mat} 0-1

[Event "Tournament 14459 - Europe Echecs"]
[Site "Europe Echecs"]
[Date "2020.07.07"]
[Round "8"]
[Time "17:52:33"]
[PlyCount "71"]
[White "BriandEdouard"]
[Black "TurchiMatteo"]
[WhiteElo "1038"]
[BlackElo "1129"]
[Mode "WEB"]
[Result "0-1"]

1. e4 e5 2. Nf3 Nc6 3. Bc4 Bc5 4. c3 Nf6 5. d4 exd4 6. e5 Ng4 7. h3 Ngxe5 8.
Nxe5 Nxe5 9. cxd4 Nxc4 10. dxc5 Qe7+ 11. Be3 Nxe3 12. fxe3 Qxe3+ 13. Qe2 Qxe2+
14. Kxe2 O-O 15. Kd2 d6 16. cxd6 cxd6 17. Nc3 Rd8 18. Kc2 Bf5+ 19. Kb3 a6 20.
Rad1 Rac8 21. Rhf1 Be6+ 22. Kc2 Bxa2 23. Kd2 Bb3 24. Rb1 d5 25. Ke2 Bc4+ 26. Kf2
Bxf1 27. Kxf1 d4 28. Ne4 d3 29. Rd1 Rc2 30. Ke1 Re2+ 31. Kf1 Rxe4 32. Kg1 d2 33.
Kf2 Re1 34. Rxe1 dxe1=Q+ 35. Kxe1 Re8+ {BriandEdouard a abandonné} 0-1

[Event "Tournament 14459 - Europe Echecs"]
[Site "Europe Echecs"]
[Date "2020.07.07"]
[Round "8"]
[Time "17:52:33"]
[PlyCount "24"]
[White "LimouzinSwann"]
[Black "StevensCharles"]
[WhiteElo "1117"]
[BlackElo "1000"]
[Mode "WEB"]
[Result "1-0"]

1. e4 e5 2. Nf3 Nc6 3. Bc4 Bc5 4. b4 Bxb4 5. c3 Bc5 6. d4 exd4 7. cxd4 Be7 8.
Qb3 Nh6 9. Bxh6 gxh6 10. Bxf7+ Kf8 11. Bh5 Bf6 12. Qf7# {StevensCharles est échec et mat} 1-0

[Event "Tournament 14459 - Europe Echecs"]
[Site "Europe Echecs"]
[Date "2020.07.07"]
[Round "8"]
[Time "17:52:33"]
[PlyCount "140"]
[White "KhantalinaIlar"]
[Black "LoppinLylou"]
[WhiteElo "1580"]
[BlackElo "1102"]
[Mode "WEB"]
[Result "1-0"]

1. e4 e5 2. Nf3 Nc6 3. Nc3 Nf6 4. d4 exd4 5. Nxd4 Nxd4 6. Qxd4 d6 7. Bc4 Be7 8.
Bg5 O-O 9. O-O Bd7 10. Qe3 Ng4 11. Bxe7 Qxe7 12. Qe2 Qh4 13. h3 Ne5 14. Bd5 Qg5
15. Kh2 Bg4 16. hxg4 Nxg4+ 17. Kg1 Qh4 18. Qxg4 Qxg4 19. f3 Qf4 20. Ne2 Qe3+ 21.
Rf2 Qh6 22. Bxb7 Rae8 23. Bc6 Re6 24. Bd5 Rg6 25. Rff1 Qg5 26. Rf2 Rb8 27. b3
Rb5 28. c4 Rb8 29. Nd4 Qe3 30. Nf5 Qc3 31. Ne7+ Kh8 32. Nxg6+ hxg6 33. Raf1 Kh7
34. Bxf7 Ra8 35. Bd5 Rh8 36. g4 Qe5 37. Rh2+ Qxh2+ 38. Kxh2 c6 39. Bxc6 Kg8+ 40.
Kg3 Kf7 41. Bd5+ Kf6 42. f4 Re8 43. g5+ Ke7 44. f5 gxf5 45. Rxf5 g6 46. Rf7+ Kd8
47. Rg7 Re5 48. Rxa7 Rxg5+ 49. Kf4 Rg2 50. Ra8+ Kc7 51. Ra7+ Kb6 52. Rb7+ Kc5
53. e5 Rxa2 54. exd6 Kxd6 55. b4 Rf2+ 56. Ke3 Rg2 57. Bxg2 g5 58. Rb5 Ke6 59.
Rxg5 Kd6 60. b5 Kc7 61. Rg6 Kd7 62. Bb7 Kc7 63. Kd4 Kxb7 64. Kc5 Kc7 65. Rg7+
Kd8 66. Kc6 Ke8 67. Kd6 Kf8 68. Ra7 Ke8 69. Rb7 Kd8 70. Rb8# {LoppinLylou est échec et mat} 1-0

[Event "Tournament 14459 - Europe Echecs"]
[Site "Europe Echecs"]
[Date "2020.07.07"]
[Round "8"]
[Time "17:52:33"]
[PlyCount "111"]
[White "VirgoNathan"]
[Black "BildsteinNolan"]
[WhiteElo "1560"]
[BlackElo "1111"]
[Mode "WEB"]
[Result "0-1"]

1. e4 e5 2. Nf3 Nc6 3. Bc4 Nf6 4. d4 exd4 5. Nxd4 d5 6. Nxc6 bxc6 7. exd5 cxd5
8. Bb5+ Bd7 9. Nc3 Bb4 10. a3 Bxc3+ 11. bxc3 Bxb5 12. Bf4 Qe7+ 13. Be3 c5 14.
Rb1 a6 15. Qf3 O-O 16. Kd2 Ne4+ 17. Kc1 Nxc3 18. Rb3 Ne2+ 19. Kd2 d4 20. Bf4
Nxf4 21. Qxf4 Qe2+ 22. Kc1 Qe6 23. Qg5 Qh6 24. Rg3 Qxg5+ 25. Rxg5 f6 26. Rxc5
Rfc8 27. Rd5 Rd8 28. Rc5 Rac8 29. Rxc8 Rxc8 30. Rd1 d3 31. Kb2 Rxc2+ 32. Kb3
Rxf2 33. Rxd3 Bxd3 34. Kc3 Bg6 35. a4 Rxg2 36. Kb4 Rxh2 37. Ka5 Rh5+ 38. Kxa6
Bd3+ 39. Kb6 Rd5 40. a5 Rxa5 41. Kxa5 h5 42. Kb4 h4 43. Kc3 h3 44. Kxd3 h2 45.
Ke2 h1=Q 46. Ke3 Qf1 47. Kd2 g5 48. Ke3 g4 49. Ke4 g3 50. Kd4 g2 51. Kc5 g1=Q+
52. Kd5 Qg5+ 53. Ke4 Qff4+ 54. Kd3 Qgg3+ 55. Kc2 Qff2+ {VirgoNathan a perdu au temps} 0-1

[Event "Tournament 14459 - Europe Echecs"]
[Site "Europe Echecs"]
[Date "2020.07.07"]
[Round "8"]
[Time "17:52:33"]
[PlyCount "51"]
[White "KiyendeLibataE"]
[Black "LamorelleAlexe"]
[WhiteElo "1360"]
[BlackElo "1009"]
[Mode "WEB"]
[Result "0-1"]

1. e4 e5 2. Nf3 Nc6 3. Bb5 Nf6 4. Bxc6 dxc6 5. Nc3 Bd6 6. O-O Bg4 7. d4 exd4 8.
Qxd4 Bxf3 9. gxf3 Bxh2+ 10. Kxh2 Qxd4 11. Be3 Qe5+ 12. Kg1 h5 13. Ne2 h4 14. Bf4
Qe7 15. Nd4 g5 16. Bxg5 Rg8 17. Nf5 Rxg5+ 18. Kh2 Qe5+ 19. Kh3 O-O-O 20. Nh6 Rg6
21. Nf5 Rdg8 22. Rg1 Rxg1 23. Rxg1 Rxg1 24. c3 Rh1+ 25. Kg2 Qh2# {KiyendeLibataE est échec et mat} 0-1

[Event "Tournament 14459 - Europe Echecs"]
[Site "Europe Echecs"]
[Date "2020.07.07"]
[Round "8"]
[Time "17:52:33"]
[PlyCount "52"]
[White "BourloisMael"]
[Black "OliveiraMateo"]
[WhiteElo "1113"]
[BlackElo "1317"]
[Mode "WEB"]
[Result "1-0"]

1. e4 e5 2. Nf3 Nc6 3. Nc3 Nf6 4. Bb5 Bc5 5. Nxe5 Nxe5 6. d4 Bd6 7. dxe5 Bxe5 8.
Bg5 a6 9. Bc4 O-O 10. O-O d6 11. Qf3 Bg4 12. Bxf6 Bxf3 13. Bxd8 Raxd8 14. gxf3
Rfe8 15. Nd5 Bxb2 16. Rab1 Bd4 17. Nxc7 Rc8 18. Nxe8 Rxc4 19. Nxd6 Rxc2 20. Rxb7
g6 21. Rxf7 Rc6 22. Rd7 Be5 23. Rd1 a5 24. Nb7 Rc2 25. Re7 Bf6 26. Rd8# {OliveiraMateo est échec et mat} 1-0

[Event "Tournament 14459 - Europe Echecs"]
[Site "Europe Echecs"]
[Date "2020.07.07"]
[Round "8"]
[Time "17:52:33"]
[PlyCount "111"]
[White "ChanthavongsaN"]
[Black "DincovChristia"]
[WhiteElo "1253"]
[BlackElo "1019"]
[Mode "WEB"]
[Result "0-1"]

1. e4 e6 2. d4 d5 3. Nd2 Nf6 4. e5 Ng8 5. Ngf3 f6 6. Bd3 fxe5 7. Nxe5 Nc6 8. Qf3
Nxe5 9. dxe5 Bc5 10. Ne4 Bd4 11. c3 Bxe5 12. Qh5+ g6 13. Qxe5 dxe4 14. Bxe4 Nf6
15. Bg5 Kf7 16. Rd1 Qe7 17. Bxf6 Qxf6 18. Qxf6+ Kxf6 19. O-O Rf8 20. Rfe1 Ke7
21. Bd5 c6 22. Bb3 Bd7 23. Rd2 Rad8 24. Rde2 Rf6 25. g4 g5 26. Re5 h6 27. Rf5
Kf7 28. Rxf6+ Kxf6 29. Kg2 Rf8 30. Kg3 Ke7 31. Re2 Rf4 32. h4 Kf6 33. hxg5+ hxg5
34. f3 Ke7 35. Re4 Rxe4 36. fxe4 Kd6 37. Kf3 Ke5 38. Ke3 Be8 39. Bc2 Bg6 40. b4
Bh7 41. a4 Bg6 42. c4 b6 43. b5 c5 44. Bd1 Bxe4 45. Be2 Bc2 46. Bd3 Bxd3 47.
Kxd3 Kf4 48. Ke2 Kxg4 49. Ke1 Kf3 50. Kf1 g4 51. Kg1 g3 52. Kf1 g2+ 53. Kg1 e5
54. Kh2 Kf2 55. Kh3 g1=Q {ChanthavongsaN a abandonné} 0-1

[Event "Tournament 14459 - Europe Echecs"]
[Site "Europe Echecs"]
[Date "2020.07.07"]
[Round "8"]
[Time "17:52:33"]
[PlyCount "120"]
[White "SchmittVavihelA"]
[Black "DemirciNoe"]
[WhiteElo "1051"]
[BlackElo "1240"]
[Mode "WEB"]
[Result "1-0"]

1. e4 d6 2. Nf3 Nf6 3. Nc3 g6 4. Bc4 Bg7 5. Ng5 e6 6. Qf3 O-O 7. d3 Nc6 8. O-O
Nd4 9. Qd1 c6 10. Be3 c5 11. Bxd4 cxd4 12. Ne2 a6 13. Nxd4 d5 14. exd5 exd5 15.
Bb3 Bg4 16. f3 Bd7 17. Re1 Re8 18. a3 Rxe1+ 19. Qxe1 Bc6 20. Qe2 Qe8 21. Re1
Qxe2 22. Rxe2 Re8 23. Rxe8+ Nxe8 24. Nxc6 bxc6 25. Kf2 Bxb2 26. a4 Bd4+ 27. Ke2
c5 28. Bxd5 Kg7 29. Kd2 f6 30. Ne6+ Kh6 31. Nxd4 cxd4 32. c3 Nc7 33. Bb7 dxc3+
34. Kxc3 a5 35. d4 Ne8 36. d5 Nd6 37. Kd4 Nxb7 38. Kc4 g5 39. Kb5 Nd6+ 40. Kc6
Nc4 41. d6 Nxd6 42. Kxd6 f5 43. Kc5 g4 44. fxg4 fxg4 45. Kb5 Kh5 46. Kxa5 Kh4
47. Kb5 g3 48. h3 Kg5 49. a5 Kf6 50. a6 Ke7 51. a7 Kf6 52. a8=Q Kg6 53. Qd5 Kh6
54. Qg8 Kh5 55. Kc5 h6 56. Kd5 Kh4 57. Ke5 h5 58. Qc8 Kg5 59. Qh8 Kh4 60. Qf6# {DemirciNoe est échec et mat} 1-0

[Event "Tournament 14459 - Europe Echecs"]
[Site "Europe Echecs"]
[Date "2020.07.07"]
[Round "8"]
[Time "17:52:33"]
[PlyCount "76"]
[White "RosuAlexandru"]
[Black "DresensClement"]
[WhiteElo "1126"]
[BlackElo "1220"]
[Mode "WEB"]
[Result "1/2-1/2"]

1. e4 e5 2. Nf3 Nf6 3. Nxe5 Qe7 4. Nf3 Nxe4 5. Qe2 d5 6. d3 Nf6 7. Bg5 h6 8.
Bxf6 Qxe2+ 9. Bxe2 gxf6 10. Nc3 Be6 11. O-O-O Nc6 12. d4 O-O-O 13. a3 Bf5 14.
Bd3 Bg4 15. Bb5 a6 16. Bxc6 bxc6 17. h3 Bh5 18. g4 Bg6 19. Rde1 c5 20. dxc5 Bxc5
21. Rhf1 h5 22. Nh4 hxg4 23. Nxg6 fxg6 24. hxg4 Rh4 25. Re6 Bd4 26. Rd1 Rxg4 27.
Rxa6 Rf4 28. Ra4 c5 29. Ne2 Bxb2+ 30. Kxb2 Rxa4 31. Nc3 Rf4 32. Nxd5 Rxf2 33.
Nb6+ Kc7 34. Nd5+ Kc8 35. Nb6+ Kc7 36. Nd5+ Kc6 37. Ne7+ Kc7 38. Nd5+ {Nulle par répétition} 1/2-1/2

[Event "Tournament 14459 - Europe Echecs"]
[Site "Europe Echecs"]
[Date "2020.07.07"]
[Round "8"]
[Time "17:52:33"]
[PlyCount "50"]
[White "DeMartinoDanie"]
[Black "NouvianArthur"]
[WhiteElo "870"]
[BlackElo "1199"]
[Mode "WEB"]
[Result "1-0"]

1. e4 e5 2. Nf3 Nc6 3. Bc4 Nf6 4. Ng5 Qe7 5. Nxf7 Rg8 6. Nxe5 Nxe5 7. Bxg8 Nxg8
8. O-O Nc6 9. Re1 d6 10. Qh5+ g6 11. Qd1 Bd7 12. d4 O-O-O 13. Nd2 Nxd4 14. Nf3
Nxf3+ 15. Qxf3 h5 16. Qg3 Qe8 17. Bg5 Ne7 18. e5 dxe5 19. Rxe5 Bc6 20. Qe3 Rd7
21. Qh3 Ba4 22. Rd1 Nc6 23. Rxd7 Qxd7 24. Re8+ Nd8 25. Rxd8# {NouvianArthur est échec et mat} 1-0

[Event "Tournament 14459 - Europe Echecs"]
[Site "Europe Echecs"]
[Date "2020.07.07"]
[Round "8"]
[Time "17:52:33"]
[PlyCount "40"]
[White "VossZachary"]
[Black "HermantAntoine"]
[WhiteElo "1196"]
[BlackElo "980"]
[Mode "WEB"]
[Result "1-0"]

1. e4 e5 2. Nf3 Nc6 3. Bb5 Nf6 4. d3 Bc5 5. O-O O-O 6. Nc3 d6 7. h3 Bb4 8. Bg5
h6 9. Bh4 Bd7 10. Nd5 g5 11. Nxg5 hxg5 12. Bxg5 Kg7 13. Bxf6+ Qxf6 14. Nxf6 Kxf6
15. Qf3+ Kg7 16. Qg3+ Kh8 17. Qh4+ Kg8 18. Qg5+ Kh8 19. f4 Rg8 20. Qh6# {HermantAntoine est échec et mat} 1-0

[Event "Tournament 14459 - Europe Echecs"]
[Site "Europe Echecs"]
[Date "2020.07.07"]
[Round "8"]
[Time "17:52:33"]
[PlyCount "47"]
[White "GrangeonEdouar"]
[Black "RobbeLeni"]
[WhiteElo "799"]
[BlackElo "1160"]
[Mode "WEB"]
[Result "0-1"]

1. e4 e5 2. Nf3 Nc6 3. Bc4 Nf6 4. Ng5 d5 5. exd5 Nxd5 6. Nxf7 Kxf7 7. Qf3+ Ke8
8. Bxd5 Qe7 9. Nc3 Nb4 10. Bb3 Be6 11. Ba4+ Bd7 12. Bb3 Be6 13. Ba4+ Bd7 14.
Bxd7+ Qxd7 15. Qd1 Qf5 16. a3 Nxc2+ 17. Kf1 Nxa1 18. Nd5 Kd8 19. Qa4 Qd3+ 20.
Ke1 Qxd5 21. b4 Qe4+ 22. Kf1 Bc5 23. bxc5 Qxa4 {GrangeonEdouar a abandonné} 0-1

[Event "Tournament 14459 - Europe Echecs"]
[Site "Europe Echecs"]
[Date "2020.07.07"]
[Round "8"]
[Time "17:52:33"]
[PlyCount "105"]
[White "MenardEmma"]
[Black "HorsotMaeva"]
[WhiteElo "1490"]
[BlackElo "1070"]
[Mode "WEB"]
[Result "0-1"]

1. d4 d5 2. Nf3 Nc6 3. g3 Nf6 4. Bg2 e6 5. O-O Bd7 6. Bg5 h6 7. Bxf6 Qxf6 8. Nc3
g5 9. Re1 Bb4 10. a3 Bxc3 11. bxc3 O-O-O 12. e3 h5 13. g4 hxg4 14. Ne5 Qh6 15.
Nxf7 Qxh2+ 16. Kf1 Na5 17. Nxh8 Bb5+ 18. Re2 Bxe2+ 19. Qxe2 Rxh8 20. Qb5 Nc6 21.
Rb1 b6 22. Qa6+ Kd7 23. Qe2 Ne7 24. Qxg4 Nf5 25. e4 dxe4 26. Qxe4 Rh4 27. Qf3
Rf4 28. Qh3 Qxh3 29. Bxh3 Rh4 30. Bg2 g4 31. f3 gxf3 32. Bxf3 Ng3+ 33. Kf2 Nf5
34. Rd1 c5 35. d5 exd5 36. Rxd5+ Ke6 37. Rd8 Rh2+ 38. Bg2 Nh4 39. Re8+ Kd6 40.
Rd8+ Ke5 41. Re8+ Kf4 42. Rf8+ Kg5 43. Rg8+ Kf4 44. Rf8+ Nf5 45. Ra8 a5 46. Rb8
Ne3 47. Rf8+ Nf5 48. Rb8 Nh4 49. Rh8 Rxg2+ 50. Kf1 Rxc2 51. Rxh4+ Ke3 52. Ke1
Rc1# {MenardEmma est échec et mat} 0-1

[Event "Tournament 14459 - Europe Echecs"]
[Site "Europe Echecs"]
[Date "2020.07.07"]
[Round "8"]
[Time "17:52:33"]
[PlyCount "38"]
[White "WadelOlivier"]
[Black "GerandiPierreM"]
[WhiteElo "1070"]
[BlackElo "1330"]
[Mode "WEB"]
[Result "1-0"]

1. e4 e5 2. Nf3 Nc6 3. Bc4 h6 4. O-O Bc5 5. d3 d6 6. Nc3 Bg4 7. Be3 Nd4 8. Bxd4
Bxd4 9. Qd2 Qf6 10. Nxd4 exd4 11. Nd5 Qg6 12. Nxc7+ Kd8 13. Nxa8 Bh3 14. g3 Bxf1
15. Rxf1 Kc8 16. Qa5 b6 17. Qxa7 Kd8 18. Bb5 Ne7 19. Qd7# {GerandiPierreM est échec et mat} 1-0

[Event "Tournament 14459 - Europe Echecs"]
[Site "Europe Echecs"]
[Date "2020.07.07"]
[Round "8"]
[Time "17:52:33"]
[PlyCount "46"]
[White "OgierDaniil"]
[Black "BenseddikYanis"]
[WhiteElo "1059"]
[BlackElo "1320"]
[Mode "WEB"]
[Result "1-0"]

1. d4 Nf6 2. Nf3 d5 3. g3 Bf5 4. Bg2 e6 5. O-O c5 6. c3 Nc6 7. Bf4 Bd6 8. Ne5
Nxe5 9. dxe5 Nh5 10. exd6 Nxf4 11. d7+ Qxd7 12. gxf4 Bxb1 13. Rxb1 O-O 14. e4
Rfe8 15. exd5 exd5 16. Qxd5 Qxd5 17. Bxd5 Rad8 18. Rbe1 Kf8 19. Bxb7 Rxe1 20.
Rxe1 Rb8 21. Bd5 Rxb2 22. Re4 Rxa2 23. Bxa2 {BenseddikYanis a abandonné} 1-0

[Event "Tournament 14459 - Europe Echecs"]
[Site "Europe Echecs"]
[Date "2020.07.07"]
[Round "8"]
[Time "17:52:33"]
[PlyCount "65"]
[White "FournierLucas"]
[Black "FortinGuilhem"]
[WhiteElo "1320"]
[BlackElo "1043"]
[Mode "WEB"]
[Result "1-0"]

1. e4 e5 2. Nf3 Nc6 3. Nc3 Nf6 4. b3 Bb4 5. Bb5 a6 6. Bxc6 bxc6 7. Bb2 O-O 8. a3
Bd6 9. O-O h6 10. Nh4 Be7 11. Nf5 Bc5 12. b4 Ba7 13. d3 d5 14. Nxh6+ gxh6 15.
Qf3 d4 16. Qg3+ Kh8 17. Ne2 Rg8 18. Qxe5 Re8 19. Qf4 h5 20. Qh6+ Nh7 21. Qxc6
Rb8 22. Nf4 Rg8 23. Nxh5 Qg5 24. g3 Qxh5 25. Qxc7 Ra8 26. a4 Rg6 27. Qxf7 Rg7
28. Qxh5 Bg4 29. Qd5 Nf6 30. Qxa8+ Rg8 31. Qb7 Bb8 32. Bxd4 Be5 {FortinGuilhem a abandonné} 1-0

[Event "Tournament 14459 - Europe Echecs"]
[Site "Europe Echecs"]
[Date "2020.07.07"]
[Round "8"]
[Time "17:52:33"]
[PlyCount "41"]
[White "MadatyanEdgar"]
[Black "ContieLilio"]
[WhiteElo "1020"]
[BlackElo "1315"]
[Mode "WEB"]
[Result "0-1"]

1. e4 d5 2. f3 Nc6 3. Nc3 Nf6 4. Bd3 e5 5. Nge2 d4 6. Nb5 a6 7. Na3 Be6 8. f4
Bd6 9. Nc4 Bxc4 10. Bxc4 exf4 11. c3 Nxe4 12. cxd4 Qh4+ 13. g3 fxg3 14. Bd5 g2+
15. Ng3 gxh1=Q+ 16. Ke2 Qg4+ 17. Kd3 Qgf3+ 18. Qxf3 Qxf3+ 19. Kc2 Nxd4+ 20. Kb1
Qd3# {MadatyanEdgar est échec et mat} 0-1

[Event "Tournament 14459 - Europe Echecs"]
[Site "Europe Echecs"]
[Date "2020.07.07"]
[Round "8"]
[Time "17:52:33"]
[PlyCount "38"]
[White "DespauxAxel"]
[Black "HanszJules"]
[WhiteElo "1041"]
[BlackElo "1310"]
[Mode "WEB"]
[Result "1-0"]

1. e4 e5 2. Nf3 Nc6 3. Bc4 Bc5 4. c3 Nf6 5. d4 exd4 6. cxd4 Bb4+ 7. Nc3 Bxc3+ 8.
bxc3 Nxe4 9. O-O Qf6 10. Re1 Qg6 11. Bd5 d6 12. Bxe4 Qg4 13. Bf5+ Kf8 14. Bxg4
Bxg4 15. h3 Bxf3 16. Qxf3 g6 17. Bh6+ Kg8 18. Qf6 g5 19. Qg7# {HanszJules est échec et mat} 1-0

[Event "Tournament 14459 - Europe Echecs"]
[Site "Europe Echecs"]
[Date "2020.07.07"]
[Round "8"]
[Time "17:52:33"]
[PlyCount "56"]
[White "ColinPenelope"]
[Black "BaronArthur"]
[WhiteElo "1290"]
[BlackElo "950"]
[Mode "WEB"]
[Result "1-0"]

1. e4 e5 2. f4 Nc6 3. Nf3 exf4 4. d4 Nf6 5. Nc3 d5 6. e5 Ne4 7. Bxf4 Bb4 8. a3
Ba5 9. b4 Bb6 10. Qd3 Bf5 11. Qe3 O-O 12. Bd3 Nxc3 13. Bxf5 Nb5 14. a4 Nxb4 15.
Qd2 Nxd4 16. Qxb4 Nc6 17. Qd2 Ba5 18. c3 d4 19. O-O Bxc3 20. Qa2 Bxa1 21. Qxa1
Qd5 22. Qb1 g6 23. Be4 Qa5 24. Bh6 Rfe8 25. Qb3 Nxe5 26. Nxe5 Rxe5 27. Qxf7+ Kh8
28. Qg7# {BaronArthur est échec et mat} 1-0

[Event "Tournament 14459 - Europe Echecs"]
[Site "Europe Echecs"]
[Date "2020.07.07"]
[Round "8"]
[Time "17:52:33"]
[PlyCount "143"]
[White "BernardLudovic"]
[Black "DesfontaineArt"]
[WhiteElo "799"]
[BlackElo "1250"]
[Mode "WEB"]
[Result "0-1"]

1. e4 e5 2. Nf3 Nc6 3. Bc4 Bc5 4. Nc3 Nf6 5. O-O d6 6. d3 Be6 7. d4 Bxc4 8. dxc5
Bxf1 9. Kxf1 dxc5 10. Ng5 Qxd1+ 11. Nxd1 Rd8 12. Ne3 O-O 13. g3 Nd4 14. c3 Nc6
15. Nf5 g6 16. Ne3 Rfe8 17. Nc4 h6 18. Nf3 Rd1+ 19. Ke2 Rdd8 20. Bxh6 Ng4 21.
Bg5 Rd7 22. Bh4 Nxh2 23. Nxh2 b6 24. Bf6 Re6 25. Bg5 f6 26. Bh6 Kh7 27. Bd2 Re8
28. Ng4 Kg7 29. f3 Red8 30. Be3 b5 31. Nd2 b4 32. cxb4 Nxb4 33. Bxc5 Rxd2+ 34.
Ke1 Nd3+ 35. Kxd2 Nxc5+ 36. Kc3 Na4+ 37. Kb3 Nc5+ 38. Kb4 Nd3+ 39. Kb3 Rb8+ 40.
Kc3 Nc5 41. Rd1 Na4+ 42. Kc4 Nxb2+ 43. Kc3 Nxd1+ 44. Kc4 f5 45. Nxe5 fxe4 46.
fxe4 Ne3+ 47. Kd4 Nc2+ 48. Kd3 Ne1+ 49. Ke3 Rb2 50. Nc4 Rxa2 51. e5 Kf7 52. Ke4
Ra4 53. Kd5 c6+ 54. Kd4 Ra1 55. Ke4 a5 56. Nd6+ Ke6 57. Nc4 a4 58. Kd4 a3 59.
Nxa3 Rxa3 60. g4 Ra4+ 61. Kc5 Rxg4 62. Kxc6 Rc4+ 63. Kb5 Rc1 64. Kb4 Kxe5 65.
Kb5 Kd6 66. Kb4 Kd5 67. Kb5 Rb1+ 68. Ka6 Kc5 69. Ka7 Kc6 70. Ka8 Kc7 71. Ka7
Ra1# {BernardLudovic est échec et mat} 0-1